Poradnik wystawcy czyli 101 voskazówek dla organizatora: stanowiska konferencyjnego, stoiska targowego, stanowiska degustacji

Salvato in:
Dettagli Bibliografici
Autore principale: Kisiala, Jacek
Altri autori: Jurczak, Robert
Natura: Libro
Lingua:polacco
Pubblicazione: Kraków Wydawnictwo Profesjonalnej Szkoly Biznesu 1997
Soggetti:
Tags: Aggiungi Tag
Nessun Tag, puoi essere il primo ad aggiungerne!!

MARC

LEADER 00000nam a2200000 4500
001 c117753
005 20221124074848.3
020 |a 8385441-66-2 
041 0 |a pol 
044 |a PL 
245 1 0 |a Poradnik wystawcy  |b czyli 101 voskazówek dla organizatora: stanowiska konferencyjnego, stoiska targowego, stanowiska degustacji  |c Jacek Kisiala, Robert Jurczak 
264 1 |a Kraków  |b Wydawnictwo Profesjonalnej Szkoly Biznesu  |c 1997 
300 |a 76 s. 
610 2 0 |a výstavy 
610 2 0 |a propagácia 
610 2 0 |a obchod 
610 2 0 |a konferencie 
610 2 0 |a reklama 
610 2 0 |a firmy 
610 2 0 |a politika obchodná 
610 2 0 |a stratégia podniková 
610 2 0 |a plánovanie 
610 2 0 |a poradenstvo 
100 1 |a Kisiala, Jacek 
700 1 |a Jurczak, Robert